Language Quiz

Random Language or Blitz Quiz

The Only Vowel Quiz Stats

 Plays Quiz Updated Aug 23, 2015

Also try: The Only Letter IV
Challenge
Share
Tweet
Embed
Score 0/42 Timer 01:30
2 Plays Today
% Correct
O
81.6%
O
81.5%
E
78.1%
E
77.9%
O
76.2%
U
75.7%
E
75.6%
I
75.3%
I
74.9%
A
74.4%
U
73.7%
U
73.3%
U
73.3%
I
72.8%
A
72.8%
E
72.6%
A
72.5%
I
72%
I
69.6%
U
69.6%
U
68.3%
% Correct
A
67.6%
A
67.2%
I
65.7%
I
65.6%
I
65.5%
A
63.9%
O
63.5%
O
63.2%
E
62.7%
U
60.4%
A
60.2%
O
58.7%
E
54.3%
E
54%
O
52.5%
E
52.3%
A
52.3%
O
46.9%
U
45.9%
A
43.4%
U
31.9%

You're not logged in!

Compare scores with friends on all Sporcle quizzes.
OR
Log In

You Might Also Like...

Show Comments

Extras

Top Quizzes Today


Score Distribution

Your Account Isn't Verified!

In order to create a playlist on Sporcle, you need to verify the email address you used during registration. Go to your Sporcle Settings to finish the process.

Report this User

Report this user for behavior that violates our Community Guidelines.

Details: